000 00371nam a2200145Ia 4500
008 230917s9999||||xx |||||||||||||| ||und||
040 _e47168
_aMAIN
041 _aEnglish
082 _a822.33 S15R:A
100 _aRossiter, A P
245 0 _aAngel with horns: Fifteen lectures on Shakespeare
260 _aLondon
_bLongmans
_c1962
300 _axi, 316 p.
942 _cBK
999 _c78121
_d78121